သရဏဂုံသုံးပါး နှင့် ငါးပါးသီလတရားတော် / (Record no. 40996)

000 -LEADER
fixed length control field 01091nam a2200217Ia 4500
003 - CONTROL NUMBER IDENTIFIER
control field OSt
005 - DATE AND TIME OF LATEST TRANSACTION
control field 20241029134031.0
007 - PHYSICAL DESCRIPTION FIXED FIELD--GENERAL INFORMATION
fixed length control field ca aa aaaaa
008 - FIXED-LENGTH DATA ELEMENTS--GENERAL INFORMATION
fixed length control field 201103s9999 xx 000 0 und d
040 ## - CATALOGING SOURCE
Transcribing agency SSBUL
041 ## - LANGUAGE CODE
Language code of text/sound track or separate title bur
082 ## - DEWEY DECIMAL CLASSIFICATION NUMBER
Edition number 23
Classification number ၂၉၄.၃၄၄၃ ဝိ
Item number ၉၂၆၅ S-SAT
100 0# - MAIN ENTRY--PERSONAL NAME
Personal name ဝိစိတ္တသာရာဘိဝံသ၊ အရှင်( မင်းကွန်း)
9 (RLIN) 29114
245 10 - TITLE STATEMENT
Title သရဏဂုံသုံးပါး နှင့် ငါးပါးသီလတရားတော် /
Statement of responsibility, etc. မင်းကွန်း အရှင်ဝိစိတ္တသာရာဘိဝံသ၊ ဘာသာပြန်သူ ဦးဝင်းဖေ။
260 ## - PUBLICATION, DISTRIBUTION, ETC.
Place of publication, distribution, etc. ရန်ကုန်၊
Name of publisher, distributor, etc. တိ=နိ စာအုပ်စာပေ၊
Date of publication, distribution, etc. [ခုနှစ်မပါ]။
300 ## - PHYSICAL DESCRIPTION
Extent ၅၈ စာမျက်နှာ၊
Dimensions ၁၈ စင်တီ။
500 ## - GENERAL NOTE
General note S-SAT: Dr. Sai Aung Tun <br/>S-KZN:Pro Kyaw Zaw Naing
700 ## - ADDED ENTRY--PERSONAL NAME
Personal name ဝင်းဖေ၊ ဦး ။
Relator term ဘာသာပြန်သူ
9 (RLIN) 55104
942 ## - ADDED ENTRY ELEMENTS (KOHA)
Koha item type Book (Short term)
Source of classification or shelving scheme
Holdings
Withdrawn status Lost status Source of classification or shelving scheme Damaged status Not for loan Collection code Permanent Location Current Location Shelving location Date acquired Total Checkouts Full call number Barcode Date last seen Price effective from Koha item type Accession
          Special Collections Shan State Buddhist University Library Shan State Buddhist University Library Special Collection Shelves 29/10/2024   ၂၉၄.၃၄၄၃ ဝိ ၉၂၆၅ S-SAT MB00009265 29/10/2024 29/10/2024 Book (Short term) ၉၂၆၅ S-SAT
          Special Collections Shan State Buddhist University Library Shan State Buddhist University Library Special Collection Shelves 29/10/2024   ၂၉၄.၃၄၄၃ ဝိ ၁၃၆၇၅ S-KZN MB00013675 29/10/2024 29/10/2024 Book (Short term) ၁၃၆၇၅ S-KZN

Library - 09407999929
Admin Office - 09407999979
Dean Office - 09250910768
Registrar Office - 09892297154
Email - [email protected]
Shan State Buddhist University, Phaya Phyu Taunggyi, Shan State, Myanmar.